000 00577nam a2200193Ia 4500
008 131103s9999 xx 000 0 und d
040 _aLoreto College
041 _aEnglish
082 _a372.4/RUP
_bLCBED/10524
100 _aRupley, William H.
245 _aTeaching reading
_bdiagnosis, direct instruction,and practice
_cWilliam H.Rupley and Timothy R.Blair
260 _aColumbus
_bMerrill
_c1983
300 _a245p.
_c 23cm.
504 _aIncludes index
650 _aElementary education
700 _aBlair, Timothy R.
850 _aLCBED/372.4/RUP
942 _cBK
999 _c27627
_d78106